Staatsauftrag: "Kultur für alle" : Ziele, Programme und Wirkungen kultureller Teilhabe und Kulturvermittlung in der DDR
Gespeichert in:
| VerfasserInnen: | |
|---|---|
| Körperschaft: | |
| Dokumenttyp: | Buch |
| Sprache: | German |
| Veröffentlicht: |
Bielefeld
: transcript
, 2020
|
| Schriftenreihe: | Schriften zum Kultur- und Museumsmanagement
|
| Schlagwörter: | |
| Online Zugang: | Inhaltsverzeichnis Cover Verlag Unbekannt |
| Bibliogr. Hinweis: | Erscheint auch als:
Staatsauftrag: »Kultur für alle« Rezensiert in: [Rezension von: Birgit Mandel, Birgit Wolf, Staatsauftrag "Kultur für alle". Ziele, Programme und Wirkungen kultureller Teilhabe und Kulturvermittlung in der DDR] Rezensiert in: [Rezension von: Mandel, Birgit, 1963-, Staatsauftrag: "Kultur für alle"] Rezensiert in: [Rezension von: Mandel, Birgit, 1963-, Staatsauftrag: "Kultur für alle"] |
| Verantwortlich: | Birgit Mandel, Birgit Wolf |
| LEADER | 08596cam a2201501 c 4500 | ||
|---|---|---|---|
| 001 | 1697499910 | ||
| 003 | DE-627 | ||
| 005 | 20260417193018.0 | ||
| 007 | tu | ||
| 008 | 200506s2020 gw ||||| 00| ||ger c | ||
| 015 | |a 20,N19 |2 dnb | ||
| 016 | 7 | |a 1209368099 |2 DE-101 | |
| 020 | |a 9783837654264 |q Broschur : EUR 25.00 (DE), EUR 25.00 (AT), CHF 31.60 (freier Preis) |9 978-3-8376-5426-4 | ||
| 020 | |a 3837654265 |9 3-8376-5426-5 | ||
| 024 | 3 | |a 9783837654264 | |
| 035 | |a (DE-627)1697499910 | ||
| 035 | |a (DE-599)DNB1209368099 | ||
| 035 | |a (OCoLC)1220903049 | ||
| 035 | |a (OCoLC)1153560936 | ||
| 040 | |a DE-627 |b ger |c DE-627 |e rda | ||
| 041 | |a ger | ||
| 044 | |c XA-DE-NW | ||
| 072 | 7 | |a BUS041000 |2 bisacsh | |
| 082 | 0 | |a 306.09431 |q DE-101 | |
| 082 | 0 | 4 | |a 300 |a 943 |q DE-101 |
| 084 | |a RA05.03 |2 fivr | ||
| 084 | |a SG08 |2 fivs | ||
| 084 | |a LB 36016 |2 rvk |0 (DE-625)rvk/90544:779 | ||
| 084 | |a MG 81930 |q DE-Wis1 |2 rvk |0 (DE-625)rvk/122864:12225 | ||
| 084 | |a NQ 7010 |2 rvk |0 (DE-625)rvk/128857: | ||
| 084 | |a 15.43 |2 bkl | ||
| 084 | |a 15.45 |2 bkl | ||
| 084 | |a 15.07 |2 bkl | ||
| 084 | |a 71.50 |2 bkl | ||
| 084 | |a 79.62 |2 bkl | ||
| 084 | |a 81.05 |2 bkl | ||
| 084 | |a 71.52 |2 bkl | ||
| 084 | |a 15.38 |2 bkl | ||
| 100 | 1 | |a Mandel, Birgit |d 1963- |e VerfasserIn |0 (DE-588)114496145 |0 (DE-627)505285096 |0 (DE-576)173592341 |4 aut | |
| 245 | 1 | 0 | |a Staatsauftrag: "Kultur für alle" |b Ziele, Programme und Wirkungen kultureller Teilhabe und Kulturvermittlung in der DDR |c Birgit Mandel, Birgit Wolf |
| 264 | 1 | |a Bielefeld |b transcript |c 2020 | |
| 300 | |a 306 Seiten | ||
| 336 | |a Text |b txt |2 rdacontent | ||
| 337 | |a ohne Hilfsmittel zu benutzen |b n |2 rdamedia | ||
| 338 | |a Band |b nc |2 rdacarrier | ||
| 490 | 0 | |a Schriften zum Kultur- und Museumsmanagement | |
| 500 | |a Literatur- und Quellenverzeichnis: Seite 293-306 | ||
| 546 | |a Deutsch | ||
| 648 | 7 | |a Geschichte 1952-1990 |2 gnd | |
| 653 | 0 | |a DDR-Geschichte | |
| 653 | 0 | |a Kultur | |
| 653 | 0 | |a Soziologie | |
| 689 | 0 | 0 | |d g |0 (DE-588)4011890-3 |0 (DE-627)104732415 |0 (DE-576)20889621X |a Deutschland |g DDR |2 gnd |
| 689 | 0 | 1 | |d s |0 (DE-588)4033581-1 |0 (DE-627)106256629 |0 (DE-576)209002697 |a Kulturpolitik |2 gnd |
| 689 | 0 | 2 | |d s |0 (DE-588)4073868-1 |0 (DE-627)106091352 |0 (DE-576)209191724 |a Kulturarbeit |2 gnd |
| 689 | 0 | 3 | |d s |0 (DE-588)4134681-6 |0 (DE-627)105670723 |0 (DE-576)20965435X |a Teilhabe |2 gnd |
| 689 | 0 | 4 | |a z |2 gnd |a Geschichte |
| 689 | 0 | |5 DE-101 | |
| 689 | 1 | 0 | |d s |0 (DE-588)4165992-2 |0 (DE-627)105436089 |0 (DE-576)209899212 |a Kulturvermittlung |2 gnd |
| 689 | 1 | 1 | |d s |0 (DE-588)4165984-3 |0 (DE-627)105436135 |0 (DE-576)209899131 |a Kulturpädagogik |2 gnd |
| 689 | 1 | 2 | |d s |0 (DE-588)4033581-1 |0 (DE-627)106256629 |0 (DE-576)209002697 |a Kulturpolitik |2 gnd |
| 689 | 1 | 3 | |d s |0 (DE-588)4125698-0 |0 (DE-627)104470348 |0 (DE-576)209578750 |a Kultur |2 gnd |
| 689 | 1 | 4 | |d s |0 (DE-588)4006650-2 |0 (DE-627)106376810 |0 (DE-576)208866450 |a Bildung |2 gnd |
| 689 | 1 | 5 | |d g |0 (DE-588)4011890-3 |0 (DE-627)104732415 |0 (DE-576)20889621X |a Deutschland |g DDR |2 gnd |
| 689 | 1 | |5 (DE-627) | |
| 700 | 1 | |a Wolf, Birgit |d 1965- |e VerfasserIn |0 (DE-588)1060060469 |0 (DE-627)799198749 |0 (DE-576)416155685 |4 aut | |
| 710 | 2 | |a Transcript GbR |e Verlag |0 (DE-588)1058035266 |0 (DE-627)796326045 |0 (DE-576)414016815 |4 pbl | |
| 776 | 1 | |o 10.14361/9783839454268 | |
| 776 | 1 | |z 9783839454268 |c (PDF) | |
| 776 | 0 | 8 | |i Erscheint auch als |n Online-Ausgabe |a Mandel, Birgit, 1963 - |t Staatsauftrag: »Kultur für alle« |d Bielefeld : transcript, 2020 |h 1 Online-Ressource (306 Seiten) |w (DE-627)1738065537 |z 9783839454268 |
| 787 | 0 | 8 | |i Rezensiert in |a Ozdoba, Marie-Madeleine |t [Rezension von: Birgit Mandel, Birgit Wolf, Staatsauftrag "Kultur für alle". Ziele, Programme und Wirkungen kultureller Teilhabe und Kulturvermittlung in der DDR] |d 2022 |w (DE-627)1878454080 |
| 787 | 0 | 8 | |i Rezensiert in |a Schütz, Johannes, 1984 - |t [Rezension von: Mandel, Birgit, 1963-, Staatsauftrag: "Kultur für alle"] |d 2023 |w (DE-627)1919105255 |
| 787 | 0 | 8 | |i Rezensiert in |a Schütz, Johannes, 1984 - |t [Rezension von: Mandel, Birgit, 1963-, Staatsauftrag: "Kultur für alle"] |d 2023 |w (DE-627)191916281X |
| 856 | 4 | 2 | |u https://d-nb.info/1209368099/04 |m DE-101 |q application/pdf |v 2020-11-17 |3 Inhaltsverzeichnis |7 1 |
| 856 | 4 | 2 | |u https://portal.dnb.de/opac/mvb/cover?isbn=978-3-8376-5426-4 |q image |v 2020-11-17 |3 Cover |7 1 |
| 856 | 4 | 2 | |u http://www.transcript-verlag.de/978-3-8376-5426-4 |m X:MVB |v 2020-05-06 |x Verlag |z Verlag |3 Ausführliche Beschreibung |7 1 |
| 856 | 4 | 2 | |u http://www.transcript-verlag.de/978-3-8376-5426-4 |m X:MVB |v 2020-12-16 |x Verlag |3 Unbekannt |7 1 |
| 935 | |a SAXB | ||
| 936 | r | v | |a LB 36016 |b Östliche Bundesländer (hier auch: DDR) |k Sozial- und Kulturanthropologie. Empirische Kulturwissenschaft |k Ethnologie in der Praxis |k Angewandte Ethnologie |k Europa |k Mitteleuropa |k Deutschland |k Östliche Bundesländer (hier auch: DDR) |0 (DE-627)1398829587 |0 (DE-625)rvk/90544:779 |0 (DE-576)328829587 |
| 936 | r | v | |a MG 81930 |b Kulturpolitik, Wissenschaftspolitik, Bildungspolitik |k Politologie |k Politische Systeme einzelner Länder |k Europa, Nordamerika |k Osteuropa (ehem. Ostblock) |k DDR (bis 1990) |k Einzelne politische Sachgebiete |k Kulturpolitik, Wissenschaftspolitik, Bildungspolitik |0 (DE-627)1271480999 |0 (DE-625)rvk/122864:12225 |0 (DE-576)201480999 |
| 936 | r | v | |a NQ 7010 |b Innere Geschichte |k Geschichte |k Geschichte seit 1918 |k Deutsche Geschichte seit 1945 |k Deutsche Demokratische Republik (DDR) (1949 - 1990) |k Innere Geschichte |0 (DE-627)1270811088 |0 (DE-625)rvk/128857: |0 (DE-576)200811088 |
| 936 | b | k | |a 15.43 |j Deutsche Geschichte des 19. Jahrhunderts bis zur Gegenwart |0 (DE-627)181569701 |
| 936 | b | k | |a 15.45 |j Geschichte der deutschen Länder und Städte: Allgemeines |0 (DE-627)181571501 |
| 936 | b | k | |a 15.07 |j Kulturgeschichte |0 (DE-627)181569620 |
| 936 | b | k | |a 71.50 |j Kultursoziologie: Allgemeines |0 (DE-627)106412612 |
| 936 | b | k | |a 79.62 |j Kulturarbeit |0 (DE-627)106411446 |
| 936 | b | k | |a 81.05 |j Bildungsforschung |0 (DE-627)106422693 |
| 936 | b | k | |a 71.52 |j Kulturelle Prozesse |x Soziologie |0 (DE-627)106413678 |
| 936 | b | k | |a 15.38 |j Europäische Geschichte nach 1945 |q coli-conc RVK->BK |q https://coli-conc.gbv.de/api/mappings/ca5e71c2-ea45-4983-9498-0aae53095f57 |0 (DE-627)181569671 |
| 936 | f | i | |0 (DE-627)1756131694 |a RA05.03 |b Deutsche Demokratische Republik |k Europa |k Mitteleuropa |k Deutsche Demokratische Republik |2 fivr |
| 936 | f | i | |0 (DE-627)1756136084 |a SG08 |b Kultur/Sprache/Kunst |k Gesellschaft |k Kultur/Sprache/Kunst |2 fivs |
| 938 | 1 | 0 | |0 (DE-627)1756148260 |0 (DE-615)6603012 |a Deutsche Demokratische Republik |2 fivt |
| 938 | 1 | 0 | |0 (DE-627)1756212066 |0 (DE-615)6600222 |a Kultur |2 fivt |
| 938 | 1 | 0 | |0 (DE-627)1756176590 |0 (DE-615)6603664 |a Geschichte |2 fivt |
| 938 | 1 | 0 | |0 (DE-627)1756243239 |0 (DE-615)6606703 |a Kulturpolitik |2 fivt |
| 938 | 1 | 0 | |0 (DE-627)175616066X |0 (DE-615)6602469 |a Kulturvermittlung |2 fivt |
| 938 | 1 | 0 | |0 (DE-627)1756220611 |0 (DE-615)6601530 |a Öffentliche Kulturförderung |2 fivt |
| 938 | 1 | 0 | |0 (DE-627)1756161054 |0 (DE-615)6602373 |a Verhältnis Kunst/Kultur - Politik/Gesellschaft |2 fivt |
| 938 | 1 | 0 | |0 (DE-627)175618271X |0 (DE-615)6605158 |a Ideologie |2 fivt |
| 938 | 1 | 0 | |0 (DE-627)1756187916 |0 (DE-615)6605562 |a Kulturarbeit |2 fivt |
| 938 | 1 | 0 | |0 (DE-627)1756210861 |0 (DE-615)6605413 |a Kunst |2 fivt |
| 938 | 1 | 0 | |0 (DE-627)1756197539 |0 (DE-615)6601264 |a Beispielhafte Fälle |2 fivt |
| 938 | 1 | 0 | |0 (DE-627)1756174679 |0 (DE-615)6608280 |a Interview |2 fivt |
| 938 | 1 | 1 | |0 (DE-627)1756155305 |0 (DE-615)6605392 |a Erfahrungsbericht |2 fiva |
| 938 | 1 | 1 | |0 (DE-627)1756238618 |0 (DE-615)6608784 |a Soziale Partizipation |2 fiva |
| 938 | 1 | 1 | |0 (DE-627)1756241791 |0 (DE-615)6607914 |a Wirkung/Auswirkung |2 fiva |
| 938 | 1 | 1 | |0 (DE-627)1756175721 |0 (DE-615)6605032 |a Kulturgeschichte |2 fiva |
| 938 | 1 | 1 | |0 (DE-627)1756178267 |0 (DE-615)6609196 |a Zensur |2 fiva |
| 938 | 1 | 1 | |0 (DE-627)1756221081 |0 (DE-615)6601597 |a Künstler |2 fiva |
| 938 | 1 | 1 | |0 (DE-627)1756215553 |0 (DE-615)6609216 |a Wichtige Persönlichkeit des kulturellen Lebens |2 fiva |
| 938 | 1 | 1 | |0 (DE-627)1756227330 |0 (DE-615)6606215 |a Propaganda |2 fiva |
| 938 | 1 | 1 | |0 (DE-627)1756188106 |0 (DE-615)6605178 |a Politischer Diskurs |2 fiva |
| 938 | 1 | 1 | |0 (DE-627)1756144052 |0 (DE-615)6603282 |a Wissenschaftliche Methoden |2 fiva |
| 938 | 1 | 1 | |0 (DE-627)1756200521 |0 (DE-615)6600623 |a Bewertung kulturpolitischer Maßnahmen |2 fiva |
| 951 | |a BO | ||
| 990 | |a Deutschland | ||
| 990 | |a Kulturpolitik | ||
| 990 | |a Kulturarbeit | ||
| 990 | |a Teilhabe | ||
| 990 | |a Geschichte | ||
| 990 | |a Kulturvermittlung | ||
| 990 | |a Kulturpädagogik | ||
| 990 | |a Kulturpolitik | ||
| 990 | |a Kultur | ||
| 990 | |a Bildung | ||
| 990 | |a Deutschland | ||
| 991 | |a Rezensiertes Werk | ||
| 999 | |a KXP-PPN1697499910 |e 496742502X | ||


